Statistics for Orlando Magic 2017-18 Roster

Click here to take the quiz!

General Stats

  • This quiz has been taken 45 times
  • The average score is 10 of 18

Answer Stats

Nbr Post Player % Correct
00ForwardAaron Gordon
96%
9CenterNikola Vucevic
93%
10Forward-GuardEvan Fournier
89%
2GuardElfrid Payton
75%
14GuardD.J. Augustin
75%
31Guard-ForwardTerrence Ross
71%
1ForwardJonathan Isaac
71%
-Head CoachFrank Vogel
68%
17ForwardJonathon Simmons
64%
11CenterBismack Biyombo
57%
25ForwardWes Iwundu
43%
5Forward-CenterMarreese Speights
39%
24CenterKhem Birch
39%
8Guard-ForwardMario Hezonja
39%
7GuardShelvin Mack
36%
4GuardArron Afflalo
32%
0GuardJamel Artis
18%
33ForwardAdreian Payne
14%

Score Distribution

Percentile by Number Answered

Percent of People with Each Score

Your Score History

You have not taken this quiz